Laufey Lyrics - Madwoman - Statistics

General Stats
  • This quiz has been taken 22 times
  • The average score is 144 of 228
Answer Stats
Lyrics % Correct
a
100%
I
100%
we
100%
and
92%
And
92%
in
92%
mad,
92%
mad
92%
the
92%
woman
92%
you
92%
You
92%
But
85%
it
85%
like
85%
this
85%
me
77%
out,
77%
so
77%
want
77%
been
69%
before,
69%
go
69%
It’s
69%
I’ve
69%
”No
69%
something
69%
there’s
69%
through
69%
to
69%
us
69%
We’ve
69%
above
62%
all
62%
approve
62%
’bout
62%
don’t
62%
fell
62%
gods
62%
had
62%
more”
62%
one
62%
still
62%
still,
62%
Then
62%
vexing
62%
worst
62%
year
62%
at
54%
can’t
54%
he
54%
idea,
54%
I’m
54%
said,
54%
Such
54%
terrible
54%
air
46%
attraction
46%
begins
46%
clean
46%
final
46%
hour
46%
how
46%
ignore
46%
Made
46%
obvious
46%
our
46%
we’re
46%
wine
46%
’Cause
38%
is
38%
myself
38%
sour
38%
think
38%
together
38%
as
31%
As
31%
handsome
31%
mythological,
31%
passion
31%
Purely
31%
remember
31%
that
31%
with
31%
again
23%
clear
23%
ends,
23%
flames,
23%
for
23%
gasping
23%
holding
23%
hypnotized
23%
imagine
23%
ransom
23%
remind
23%
soul
23%
spoke
23%
stupid
23%
ugliest
23%
up
23%
we’ll
23%
would
23%
Called
15%
everything
15%
fog
15%
he’d
15%
help
15%
joke,
15%
mindless
15%
question
15%
seeing
15%
chaos,
8%
dreadful
8%
fashion
8%
giving
8%
Seeking
8%
No matching quizzes found
Score Distribution
Percent of People with Each Score
Percentile by Number Answered
Your Score History
You have not taken this quiz